Svatantratā-saṅgrāma ke sainika. (Record no. 86167)

MARC details
000 -LEADER
fixed length control field 00626cam a22002411 4500
001 - CONTROL NUMBER
control field sa 68015019
003 - CONTROL NUMBER IDENTIFIER
control field DLC
005 - DATE AND TIME OF LATEST TRANSACTION
control field 20260227112638.0
008 - FIXED-LENGTH DATA ELEMENTS--GENERAL INFORMATION
fixed length control field 890907m19639999ii 000 0 hino
010 ## - LIBRARY OF CONGRESS CONTROL NUMBER
LC control number sa 68015019
035 ## - SYSTEM CONTROL NUMBER
System control number (OCoLC)20311285
040 ## - CATALOGING SOURCE
Original cataloging agency DLC
Transcribing agency WaU
Modifying agency DLC
042 ## - AUTHENTICATION CODE
Authentication code premarc
043 ## - GEOGRAPHIC AREA CODE
Geographic area code a-ii---
050 00 - LIBRARY OF CONGRESS CALL NUMBER
Classification number DS485.U62
Item number A5
110 1# - MAIN ENTRY--CORPORATE NAME
Corporate name or jurisdiction name as entry element Uttar Pradesh (India).
Subordinate unit Information Department.
245 10 - TITLE STATEMENT
Title Svatantratā-saṅgrāma ke sainika.
260 ## - PUBLICATION, DISTRIBUTION, ETC.
Date of publication, distribution, etc. [1963-
300 ## - PHYSICAL DESCRIPTION
Extent v.
Dimensions 22 cm.
500 ## - GENERAL NOTE
General note In Hindi.
651 #0 - SUBJECT ADDED ENTRY--GEOGRAPHIC NAME
Geographic name Uttar Pradesh (India)
Form subdivision Biography.
700 1# - ADDED ENTRY--PERSONAL NAME
Personal name Bhattacharji, S. P.

No items available.

Powered by Koha